| 000 | 00895cam a22002537a 4500 | ||
|---|---|---|---|
| 999 |
_c16015 _d16015 |
||
| 003 | EG-ScBUE | ||
| 005 | 20200122101159.0 | ||
| 008 | 110913s1970 ua f 000 0p ara d | ||
| 017 | _a1970/6301 | ||
| 040 |
_aEG-ScBUE _bara _erda _dEG-ScBUE _cEG-ScBUE |
||
| 082 | 0 | 4 |
_a892.710080382974 _bب ق ل _222 |
| 100 | 1 |
_aبقلي، محمد قنديل، _eمؤلف. _927158 |
|
| 245 | 1 | 0 |
_aأدب الدراويش / _cتأليف محمد قنديل البقلي. |
| 264 | 1 |
_aالقاهرة : _bمكتبة الأنجلو المصرية، _c1970. |
|
| 300 |
_a211 صفحة ؛ _c24 سم |
||
| 336 |
_2rdacontent _aنص _btxt |
||
| 337 |
_2rdamedia _aبدون وسيط _bn |
||
| 338 |
_2rdacarrier _aمجلد _bnc |
||
| 590 | _amahmoud sami | ||
| 650 | 7 |
_aالشعر الصوفي _xدواوين و قصائد. _2BUEsh _927160 |
|
| 653 |
_cSeptember2011 _bARALIT |
||
| 655 | _vReading book | ||
| 942 |
_2ddc _cBB |
||